SOBRE LA DECADENCIA ECONOMICA DE ESPAÑA /

-д хадгалсан:
Номзүйн дэлгэрэнгүй
Үндсэн зохиолч: Velarde Fuertes, Juan (autor)
Формат: Ном
Цуврал:BIBLIOTECA TECNOS DE CIENCIAS ECONOMICAS ; 6
Нөхцлүүд:
Шошгууд: Шошго нэмэх
Шошго байхгүй, Энэхүү баримтыг шошголох эхний хүн болох!

MARC

LEADER 00000nam^a2200000^a^4500
001 000238496
005 20250521000000.0
009 20260310105018.146
035 |a 052909 
037 |a Acervo Xavier Clavigero 
082 |a 330. 9 VEL 
100 |a Velarde Fuertes, Juan  |e (autor) 
245 1 0 |a SOBRE LA DECADENCIA ECONOMICA DE ESPAÑA /  |c JUAN VELARDE FUERTES 
264 |a MADRID :  |b TECNOS,  |c 1967 
300 |a 654 p. 
336 |a texto  |b txt  |2 rdacontenido 
337 |a sin mediación  |b n  |2 rdamedio 
338 |a volumen  |b nc  |2 rdasoporte 
440 |a BIBLIOTECA TECNOS DE CIENCIAS ECONOMICAS ;  |v 6 
649 |a XX 
650 |a España -  |x Condiciones Económicas 
910 |a Fondo General 
920 |a Impresos - Libros 
930 |a Colección General 
905 |a 101 
901 |a 052909  |b IT1  |c ACC  |i 052909  |u 20250521 
902 |a https://opac.biblio.iteso.mx/vufind/Record/000238496